[Event "Rated Blitz game"]
[Site "?"]
[Date "2021.05.31"]
[Round "?"]
[White "jdjdejdejy"]
[Black "FourNinetySix"]
[Result "1-0"]
[WhiteElo "2473"]
[BlackElo "2472"]
[PlyCount "85"]
[EventDate "2021.??.??"]
[EventType "blitz"]

1. e4 e5 2. Nf3 d5 3. d3 Bd6 4. Nbd2 f5 5. Qe2 Nf6 6. b3 O-O 7. Bb2 Nc6 8. c3
fxe4 9. dxe4 dxe4 10. Nxe4 Bf5 11. Nfd2 Nxe4 12. Nxe4 Qh4 13. Qc4+ Kh8 14. Nxd6
Nd4 15. cxd4 cxd6 16. dxe5 Qh6 17. Be2 Rac8 18. Qd4 Rc2 19. Rd1 Re8 20. Rd2
dxe5 21. Qe3 Rxd2 22. Qxd2 Qg6 23. O-O Bh3 24. g3 Bxf1 25. Bxf1 e4 26. Qe3 Qc6
27. Qxa7 Qc2 28. Qd4 Qc7 29. Bg2 e3 30. fxe3 Qe7 31. Kf2 h6 32. Bd5 Rf8+ 33.
Kg2 Qd7 34. Qe5 Re8 35. Qh5 Kh7 36. e4 Rf8 37. Qe5 b5 38. h4 Re8 39. Qf4 Qe7
40. h5 Rf8 41. Qg4 Qc7 42. Qg6+ Kh8 43. Qxh6# {Normal} 1-0

[Event "Rated Blitz game"]
[Site "?"]
[Date "2021.05.31"]
[Round "?"]
[White "Kemurin"]
[Black "GoughPhar"]
[Result "0-1"]
[WhiteElo "2386"]
[BlackElo "2479"]
[PlyCount "54"]
[EventDate "2021.??.??"]
[EventType "blitz"]

1. e4 e5 2. Nf3 d5 3. exd5 e4 4. Qe2 Nf6 5. Nc3 Be7 6. Nxe4 O-O 7. Nxf6+ Bxf6
8. d3 Re8 9. Be3 Bxb2 10. Rb1 Bc3+ 11. Nd2 Qxd5 12. Rb3 Qa5 13. g3 Nc6 14. Bg2
Nd4 15. Qd1 Nxb3 16. axb3 Bxd2+ 17. Qxd2 Qa1+ 18. Qd1 Qxd1+ 19. Kxd1 Bg4+ 20.
Kd2 c6 21. Ra1 a6 22. Ra4 Be6 23. Rb4 Re7 24. Bc5 Rd7 25. Bb6 Bd5 26. Bh3 Be6
27. c4 Bxh3 {Normal} 0-1

[Event "Rated Blitz game"]
[Site "?"]
[Date "2021.05.31"]
[Round "?"]
[White "Jorgitomgs"]
[Black "KinzyabulatovRenat"]
[Result "1-0"]
[WhiteElo "2446"]
[BlackElo "2403"]
[PlyCount "57"]
[EventDate "2021.??.??"]
[EventType "blitz"]

1. e4 e5 2. Nf3 d5 3. d4 dxe4 4. Nxe5 Bd6 5. Bc4 Bxe5 6. dxe5 Qxd1+ 7. Kxd1 Nc6
8. Nc3 Nxe5 9. Bd5 Bg4+ 10. Ke1 O-O-O 11. Bf4 Ng6 12. Bg3 f5 13. h3 Bh5 14.
Bxg8 Rhxg8 15. Nb5 f4 16. Bh2 a6 17. Nc3 Rge8 18. g4 fxg3 19. fxg3 Ne5 20. g4
Nf3+ 21. Ke2 Rd2+ 22. Ke3 Bg6 23. Bf4 Rxc2 24. Rac1 Rxb2 25. Bxc7 b5 26. Rhd1
Re7 27. Bd6 Rd7 28. Na4+ Kb7 29. Nxb2 {Normal} 1-0

[Event "Rated Blitz game"]
[Site "?"]
[Date "2021.05.31"]
[Round "?"]
[White "Finally_I_Won"]
[Black "KinzyabulatovRenat"]
[Result "1-0"]
[WhiteElo "2432"]
[BlackElo "2364"]
[PlyCount "95"]
[EventDate "2021.??.??"]
[EventType "blitz"]

1. e4 e5 2. Nf3 d5 3. exd5 e4 4. Nd4 Qxd5 5. Nb3 Bd6 6. d3 Nf6 7. Nc3 Qe5 8.
Be2 O-O 9. d4 Qf5 10. O-O Nc6 11. h3 Be6 12. Be3 Rad8 13. Qd2 Qg6 14. Kh1 Rfe8
15. Bg5 h6 16. Bxf6 gxf6 17. Qe3 Bd7 18. Rad1 f5 19. Nd5 Kh8 20. Nf4 Qg5 21. g3
Bxf4 22. gxf4 Qh4 23. Rg1 Ne7 24. d5 Qf6 25. Nc5 Bc8 26. c4 b6 27. Nb3 Qxb2 28.
Nd4 Rg8 29. Rb1 Rxg1+ 30. Rxg1 Rg8 31. Rxg8+ Kxg8 32. Nb5 Qxa2 33. d6 cxd6 34.
Nxd6 Be6 35. c5 bxc5 36. Bb5 Qb1+ 37. Kg2 c4 38. Qc5 Qd3 39. Ne8 Qf3+ 40. Kg1
Qd1+ 41. Kh2 Ng6 42. Nf6+ Kg7 43. Ne8+ Kh8 44. Nf6 Qd8 45. Nh5 Qh4 46. Qd4+ f6
47. Qd8+ Bg8 48. Qc7 {Time forfeit} 1-0

[Event "Rated Blitz game"]
[Site "?"]
[Date "2021.05.31"]
[Round "?"]
[White "PhantomKinder"]
[Black "KinzyabulatovRenat"]
[Result "1-0"]
[WhiteElo "2433"]
[BlackElo "2410"]
[PlyCount "49"]
[EventDate "2021.??.??"]
[EventType "blitz"]

1. e4 e5 2. Nf3 d5 3. exd5 e4 4. Qe2 Nf6 5. d3 Qxd5 6. Nbd2 Nc6 7. Nxe4 Be6 8.
Nxf6+ gxf6 9. Qe4 Qd7 10. Bd2 O-O-O 11. a3 Re8 12. O-O-O Bc5 13. Qh4 Rhg8 14.
Qxf6 Bxf2 15. Ne5 Nxe5 16. Qxf2 Qd5 17. b3 Ng4 18. Qxa7 b6 19. Re1 Qd4 20. Qa6+
Kb8 21. Kb1 Nf2 22. Rg1 Nxd3 23. Bxd3 Bxb3 24. cxb3 Rxe1+ 25. Rxe1 {Normal} 1-0

[Event "Rated Blitz game"]
[Site "?"]
[Date "2021.05.31"]
[Round "?"]
[White "Zol46"]
[Black "annaly1979"]
[Result "0-1"]
[WhiteElo "2386"]
[BlackElo "2406"]
[PlyCount "140"]
[EventDate "2021.??.??"]
[EventType "blitz"]

1. e4 e5 2. Nf3 d5 3. exd5 e4 4. Qe2 f5 5. d3 Nf6 6. dxe4 fxe4 7. Bg5 Be7 8.
Bxf6 Bxf6 9. Qxe4+ Kf7 10. Be2 Re8 11. Qc4 b5 12. Qb3 a5 13. c3 a4 14. Qc2 Qe7
15. Na3 Ba6 16. Kf1 Qxe2+ 17. Qxe2 Rxe2 18. Kxe2 b4+ 19. Kd2 bxa3 20. bxa3 Nd7
21. Rab1 Nb6 22. Rb4 Nxd5 23. Rxa4 Nxc3 24. Rf4 Nd5 25. Ra4 Nb6 26. Rb4 Rd8+
27. Kc2 Bd3+ 28. Kc1 Bg6 29. Rd1 Ra8 30. a4 Ke7 31. Nd4 Bg5+ 32. Kb2 Nxa4+ 33.
Kb3 Bf7+ 34. Kc2 c5 35. Rb7+ Kf6 36. Nf3 Bg6+ 37. Kb3 c4+ 38. Kxc4 Bf7+ 39. Kb5
Nc3+ 40. Kb4 Nxd1 41. Rb6+ Kf5 42. Rb5+ Kf4 43. Nxg5 Be8 44. g3+ Kg4 45. h3+
Kh5 46. Rd5 Rb8+ 47. Kc5 Nc3 48. Re5 Rb5+ 49. Kd4 Rxe5 50. Kxe5 Kxg5 51. a3 Nb1
52. f4+ Kg6 53. a4 Bxa4 54. Ke6 Nd2 55. f5+ Kg5 56. h4+ Kg4 57. f6 gxf6 58.
Kxf6 h5 59. Kg7 Ne4 60. Kh6 Nxg3 61. Kg7 Nf5+ 62. Kg6 Nxh4+ 63. Kg7 Nf5+ 64.
Kg6 h4 65. Kf7 h3 66. Kg6 h2 67. Kf7 h1=Q 68. Kg6 Qc6+ 69. Kf7 Bb3+ 70. Kf8
Qc8# {Normal} 0-1

[Event "Rated Blitz game"]
[Site "?"]
[Date "2021.05.31"]
[Round "?"]
[White "Captain-Calagan"]
[Black "GoughPhar"]
[Result "1/2-1/2"]
[WhiteElo "2381"]
[BlackElo "2483"]
[PlyCount "116"]
[EventDate "2021.??.??"]
[EventType "blitz"]

1. e4 e5 2. Nf3 d5 3. Nxe5 Bd6 4. d4 dxe4 5. Nc4 Nf6 6. Nxd6+ Qxd6 7. Be2 Nc6
8. Be3 h5 9. h3 Nd5 10. O-O Nxe3 11. fxe3 g6 12. Rf4 Bf5 13. Nc3 Ne7 14. Nxe4
Qe6 15. Nc5 Qxe3+ 16. Rf2 O-O-O 17. Bf3 Rxd4 18. Bxb7+ Kb8 19. Qf1 Rf4 20. Qb5
Qxf2+ 21. Kh1 Qxc5 22. Qxc5 Kxb7 23. Qe5 Re4 24. Qxh8 Re2 25. Qc3 Be4 26. Rg1
Nf5 27. Kh2 Nh4 28. Kg3 Nf5+ 29. Kh2 Nh4 30. Kg3 g5 31. Qb3+ Kc8 32. Qxf7 Nf5+
33. Kh2 h4 34. Qf6 Ng3 35. Qxg5 Rxc2 36. Qg8+ Kb7 37. Qg7 Nf1+ 38. Rxf1 Rxg2+
39. Qxg2 Bxg2 40. Kxg2 Kc6 41. Rf4 Kd5 42. Rxh4 c5 43. Rg4 a5 44. h4 c4 45. Kg3
a4 46. h5 a3 47. bxa3 c3 48. Rg8 c2 49. Rc8 Kd4 50. Rxc2 Kd3 51. Rc8 Kd4 52. a4
Kd5 53. a5 Kd6 54. a6 Kd7 55. Rc1 Kd6 56. a7 Kd5 57. a8=Q+ Kd4 58. Qd8+ Ke5 {
Time forfeit} 1/2-1/2

[Event "Rated Classical game"]
[Site "?"]
[Date "2021.05.31"]
[Round "?"]
[White "archos67"]
[Black "Satranc1964"]
[Result "0-1"]
[WhiteElo "2419"]
[BlackElo "2322"]
[PlyCount "118"]
[EventDate "2021.??.??"]

1. e4 e5 2. Nf3 d5 3. exd5 e4 4. Qe2 Nf6 5. d3 Qxd5 6. Nc3 Bb4 7. Bd2 Bxc3 8.
Bxc3 O-O 9. dxe4 Nxe4 10. Rd1 Nxc3 11. Rxd5 Nxe2 12. Bxe2 Be6 13. Rd2 Nc6 14.
O-O Rad8 15. Rfd1 Rxd2 16. Rxd2 Bxa2 17. Rd7 Rc8 18. b3 Bb1 19. Ne1 Nb4 20. Bd3
Nxd3 21. Rxd3 c5 22. Rd1 Ba2 23. Ra1 Bxb3 24. cxb3 a6 25. Kf1 Kf8 26. Nd3 c4
27. Rc1 Rd8 28. Nc5 cxb3 29. Nxb7 Rb8 30. Nc5 Rb5 31. Ne4 b2 32. Rb1 a5 33. Ke2
a4 34. Kd3 a3 35. Nc3 Rb3 36. Kc2 Rxc3+ 37. Kxc3 a2 38. Kxb2 axb1=Q+ 39. Kxb1
Ke7 40. Kc2 Ke6 41. Kd3 Kf5 42. Kd4 h5 43. Kd5 h4 44. h3 Kf4 45. Kd6 g5 46. Ke7
f5 47. Kf6 g4 48. Kg6 Ke4 49. Kg5 g3 50. fxg3 hxg3 51. h4 f4 52. Kg4 Ke3 53. h5
f3 54. h6 fxg2 55. h7 g1=Q 56. h8=Q Qd1+ 57. Kf5 Qf3+ 58. Ke5 Qe4+ 59. Kd6 Qd4+
{Normal} 0-1

[Event "Rated Blitz game"]
[Site "?"]
[Date "2021.05.31"]
[Round "?"]
[White "gmftorres1"]
[Black "GoughPhar"]
[Result "1-0"]
[WhiteElo "2477"]
[BlackElo "2471"]
[PlyCount "79"]
[EventDate "2021.??.??"]
[EventType "blitz"]

1. e4 e5 2. Nf3 d5 3. Nxe5 Bd6 4. d4 dxe4 5. Nc4 Nf6 6. Nc3 O-O 7. Be2 Nc6 8.
Bg5 Bf5 9. a3 h6 10. Bh4 Bf4 11. d5 Ne5 12. Qd4 Nxc4 13. Qxc4 g5 14. Bg3 a6 15.
Rd1 b5 16. Qd4 Qd6 17. O-O Kg7 18. a4 h5 19. axb5 h4 20. Bxf4 Qxf4 21. g3 Qd6
22. bxa6 Rae8 23. Nb5 Qd7 24. a7 Bh3 25. Rfe1 Bg4 26. Qe3 Kg6 27. Ra1 Bxe2 28.
Qxe2 hxg3 29. fxg3 e3 30. c4 c6 31. Nc3 cxd5 32. cxd5 Nxd5 33. Qd3+ f5 34. Qxd5
Qxd5 35. Nxd5 f4 36. gxf4 gxf4 37. Nxf4+ Kf5 38. Nd5 Ke4 39. Rxe3+ Kxd5 40.
Rxe8 {Normal} 1-0

[Event "Rated Blitz game"]
[Site "?"]
[Date "2021.05.31"]
[Round "?"]
[White "lugoking"]
[Black "oALJH0NzKi"]
[Result "1-0"]
[WhiteElo "2457"]
[BlackElo "2299"]
[PlyCount "101"]
[EventDate "2021.??.??"]
[EventType "blitz"]

1. e4 e5 2. Nf3 d5 3. exd5 e4 4. Ne5 Qxd5 5. Nc4 Nc6 6. Ne3 Qe5 7. Nc3 Bd6 8.
Nc4 Qd4 9. Nb5 Qc5 10. Ncxd6+ cxd6 11. Nc7+ Kd8 12. Nxa8 Nd4 13. c3 Ne6 14. d4
exd3 15. Qxd3 Nf6 16. Be3 Qc6 17. O-O-O Ke7 18. Qb5 Bd7 19. Qxc6 Bxc6 20. Nc7
Nxc7 21. Bd4 Ne6 22. Bxf6+ gxf6 23. f3 Rg8 24. Rd2 Nf4 25. h4 h5 26. b4 a6 27.
Kb2 b5 28. c4 bxc4 29. Bxc4 Rxg2 30. Re1+ Kf8 31. Rxg2 Nxg2 32. Rd1 Bxf3 33.
Rxd6 Nxh4 34. Rxf6 Ke8 35. Rf4 Bg4 36. Bxf7+ Ke7 37. Bxh5 Bxh5 38. Rxh4 Be8 39.
Re4+ Kd8 40. Rxe8+ Kxe8 41. Kc3 Kd7 42. Kc4 Kc6 43. a4 Kb6 44. Kd5 Kc7 45. Kc5
Kb7 46. Kd6 Kb6 47. Kd7 Kb7 48. a5 Ka7 49. Kc6 Ka8 50. Kb6 Kb8 51. Kxa6 {Normal
} 1-0

[Event "Rated Blitz game"]
[Site "?"]
[Date "2021.05.31"]
[Round "?"]
[White "ArminTanzarian"]
[Black "KinzyabulatovRenat"]
[Result "1-0"]
[WhiteElo "2496"]
[BlackElo "2382"]
[PlyCount "115"]
[EventDate "2021.??.??"]
[EventType "blitz"]

1. e4 e5 2. Nf3 d5 3. Nxe5 Bd6 4. d4 dxe4 5. Nc4 Nf6 6. Nc3 O-O 7. Bg5 Be7 8.
Qd2 Nc6 9. O-O-O Re8 10. d5 Nxd5 11. Bxe7 Ndxe7 12. Qxd8 Nxd8 13. Nxe4 Bf5 14.
Bd3 Ndc6 15. Nc5 Bxd3 16. Rxd3 b6 17. Na6 Rac8 18. Re1 Nb8 19. Nxb8 Rxb8 20.
Rde3 Kf8 21. Ne5 Rbd8 22. Rf3 f6 23. Ng4 c5 24. c3 Nc6 25. Rfe3 Rxe3 26. Nxe3
Re8 27. Kc2 Rd8 28. a4 Ne5 29. f4 Nf7 30. Nf5 g6 31. Ne3 Nd6 32. Rd1 Ke7 33.
Nd5+ Ke6 34. Nc7+ Kf5 35. Nb5 Nf7 36. Rxd8 Nxd8 37. Nxa7 Kxf4 38. Nc8 Ke3 39.
Nxb6 Kf2 40. b4 cxb4 41. cxb4 Kxg2 42. b5 f5 43. a5 f4 44. a6 f3 45. a7 f2 46.
a8=Q+ Kg1 47. Qxd8 f1=Q 48. Qd1 Qxd1+ 49. Kxd1 Kxh2 50. Nd5 g5 51. b6 g4 52. b7
g3 53. b8=Q h5 54. Ke2 h4 55. Kf3 Kh3 56. Nf4+ Kh2 57. Qb2+ g2 58. Qxg2# {
Normal} 1-0

[Event "Rated Blitz game"]
[Site "?"]
[Date "2021.05.31"]
[Round "?"]
[White "Nova4430"]
[Black "Michael_Watts"]
[Result "1-0"]
[WhiteElo "2449"]
[BlackElo "2356"]
[PlyCount "113"]
[EventDate "2021.??.??"]
[EventType "blitz"]

1. e4 e5 2. Nf3 d5 3. exd5 e4 4. Qe2 Nf6 5. Nc3 Be7 6. Nxe4 Nxd5 7. d3 O-O 8.
Qd1 Re8 9. Be2 c5 10. O-O Nc6 11. c3 Bf5 12. Re1 Qd7 13. Bg5 Bxg5 14. Nfxg5 b6
15. Ng3 Bg6 16. Bf3 h6 17. N5e4 Rad8 18. d4 cxd4 19. cxd4 Nf4 20. Qd2 Ne6 21.
d5 Ncd4 22. d6 Nxf3+ 23. gxf3 f5 24. Nc3 Qxd6 25. Qxd6 Rxd6 26. Rad1 Rxd1 27.
Rxd1 Ng5 28. Kg2 f4 29. Nge2 Bh5 30. Rd3 Bg6 31. Rd4 Bh5 32. Rxf4 Nxf3 33. Rxf3
Bxf3+ 34. Kxf3 Rf8+ 35. Ke4 Re8+ 36. Kd3 Rd8+ 37. Ke3 Re8+ 38. Ne4 Rc8 39. N2c3
Rd8 40. f4 a6 41. f5 Kf7 42. a3 Rc8 43. Kf4 Rc6 44. Ke5 Rc7 45. b4 Re7+ 46. Kd6
Re8 47. a4 h5 48. Kc7 Re5 49. Kxb6 Rxf5 50. Nd6+ Ke6 51. Nxf5 Kxf5 52. Kxa6 g5
53. b5 Kf4 54. b6 g4 55. b7 g3 56. b8=Q+ Kf3 57. Qxg3# {Normal} 1-0

[Event "Rated Blitz game"]
[Site "?"]
[Date "2021.05.31"]
[Round "?"]
[White "infrangibleBond"]
[Black "Vladislav89"]
[Result "1-0"]
[WhiteElo "2450"]
[BlackElo "2507"]
[PlyCount "115"]
[EventDate "2021.??.??"]
[EventType "blitz"]

1. e4 e5 2. Nf3 d5 3. exd5 e4 4. Nd4 Qxd5 5. Nb3 Nf6 6. Nc3 Qe5 7. Be2 a6 8. d4
exd3 9. Qxd3 Bd6 10. Be3 Bf5 11. Qd4 Bxc2 12. Qxe5+ Bxe5 13. Nc5 b6 14. Nd3
Bxd3 15. Bxd3 Nbd7 16. O-O O-O 17. Rac1 c5 18. Rfd1 Rfe8 19. a3 Re7 20. b4 cxb4
21. axb4 a5 22. bxa5 bxa5 23. Bb5 Rb8 24. Nd5 Nxd5 25. Rxd5 Nf6 26. Rdc5 h6 27.
h3 Bd6 28. Rc8+ Rxc8 29. Rxc8+ Kh7 30. Ra8 Bb4 31. Bd3+ g6 32. g3 Rd7 33. Be2
h5 34. Bb6 Rd2 35. Bf3 g5 36. Be3 Rd6 37. Bxg5 Kg6 38. Bf4 Re6 39. Kg2 Rb6 40.
Bc7 Re6 41. Bxa5 Bxa5 42. Rxa5 Re1 43. h4 Re6 44. Rg5+ Kh6 45. Bd1 Rd6 46. Bb3
Rd7 47. f3 Rc7 48. Kf2 Rb7 49. Ba4 Rb2+ 50. Ke3 Ra2 51. Bc6 Ra3+ 52. Kd4 Ra1
53. Rf5 Kg7 54. Rg5+ Kh6 55. Kc5 Rc1+ 56. Kb6 Rb1+ 57. Kc7 Rg1 58. Rf5 {
Time forfeit} 1-0

[Event "Rated Blitz game"]
[Site "?"]
[Date "2021.05.31"]
[Round "?"]
[White "Strauss5"]
[Black "KinzyabulatovRenat"]
[Result "1/2-1/2"]
[WhiteElo "2430"]
[BlackElo "2377"]
[PlyCount "109"]
[EventDate "2021.??.??"]
[EventType "blitz"]

1. e4 e5 2. Nf3 d5 3. Nxe5 Bd6 4. d4 dxe4 5. Nc4 Nf6 6. Nc3 O-O 7. Bg5 Be7 8.
Be2 Nc6 9. d5 Nxd5 10. Qxd5 Bxg5 11. Qxd8 Rxd8 12. Nxe4 Be7 13. Bd3 Nb4 14. Ke2
Nxd3 15. cxd3 f5 16. Nc3 Bc5 17. Rhd1 a6 18. Rac1 b5 19. Nd2 Bb7 20. Nf3 Re8+
21. Kf1 Bxf3 22. gxf3 Bd6 23. h3 Re6 24. b3 Rae8 25. Rc2 Rh6 26. Kg2 Ree6 27.
Nd5 Reg6+ 28. Kf1 Rxh3 29. Nxc7 Rh1+ 30. Ke2 Re6+ 31. Nxe6 Rh6 32. Ng5 Kf8 33.
Rc8+ Ke7 34. Rdc1 Rh5 35. f4 h6 36. Nf3 Bxf4 37. R1c6 Rh1 38. Rxa6 Ra1 39. Rc5
Rxa2+ 40. Rxa2 Bd6 41. Rxb5 g5 42. Ra6 g4 43. Rb7+ Ke6 44. Rbb6 gxf3+ 45. Kxf3
Kd5 46. Rxd6+ Kc5 47. Rxh6 Kb4 48. Rhf6 Kc3 49. Rxf5 Kb2 50. Rc5 Kb1 51. Rb6
Kb2 52. b4 Kb3 53. Rc4 Ka4 54. b5+ Ka5 55. Rb8 {Normal} 1/2-1/2

[Event "Rated Blitz game"]
[Site "?"]
[Date "2021.05.31"]
[Round "?"]
[White "PorfiryP"]
[Black "GoughPhar"]
[Result "1-0"]
[WhiteElo "2482"]
[BlackElo "2489"]
[PlyCount "63"]
[EventDate "2021.??.??"]
[EventType "blitz"]

1. e4 e5 2. Nf3 d5 3. exd5 e4 4. Qe2 Nf6 5. d3 Be7 6. dxe4 c6 7. d6 Bxd6 8. e5
O-O 9. exd6 Re8 10. Be3 Qxd6 11. Nbd2 Qb4 12. O-O-O Be6 13. Kb1 b5 14. Nd4 Bd5
15. Qd3 Nbd7 16. c3 Qa4 17. N4b3 Nc5 18. Bxc5 Ne4 19. f3 Nxc5 20. Nxc5 Qxa2+
21. Kc1 Rad8 22. Qb1 Qa5 23. Nb7 Qa4 24. Nxd8 Rxd8 25. Bd3 b4 26. c4 Be6 27.
Bxh7+ Kh8 28. Bc2 b3 29. Bxb3 Qb4 30. Qc2 a5 31. Ne4 a4 32. Rxd8+ {Normal} 1-0

[Event "Rated Blitz game"]
[Site "?"]
[Date "2021.05.31"]
[Round "?"]
[White "PorfiryP"]
[Black "GoughPhar"]
[Result "0-1"]
[WhiteElo "2481"]
[BlackElo "2489"]
[PlyCount "30"]
[EventDate "2021.??.??"]
[EventType "blitz"]

1. e4 e5 2. Nf3 d5 3. exd5 e4 4. Qe2 Nf6 5. Nc3 Be7 6. Nxe4 O-O 7. d3 Re8 8.
Be3 Qxd5 9. Nxf6+ Bxf6 10. g3 Bxb2 11. Rb1 Bc3+ 12. Kd1 Qxa2 13. Rc1 Nc6 14.
Bg2 Bg4 15. h3 Nd4 {Normal} 0-1

[Event "Rated Blitz tournament obQMUQd2"]
[Site "?"]
[Date "2021.05.31"]
[Round "?"]
[White "Zainal_chess"]
[Black "dr_xStranger"]
[Result "0-1"]
[WhiteElo "2287"]
[BlackElo "2488"]
[PlyCount "80"]
[EventDate "2021.??.??"]
[EventType "blitz"]

1. e4 e5 2. Nf3 d5 3. Nxe5 Bd6 4. d4 dxe4 5. Nc4 Be7 6. Be3 Nf6 7. Be2 O-O 8.
h3 c6 9. Nbd2 Re8 10. O-O Nbd7 11. a3 Bf8 12. b4 Nd5 13. Qe1 f5 14. g3 f4 15.
gxf4 N7f6 16. Kh2 Nh5 17. Rg1 Qh4 18. Bf1 Nhxf4 19. Bxf4 Nxf4 20. Qe3 b5 21.
Ne5 Bd6 22. Qxe4 Qxf2+ 23. Bg2 Bxe5 24. dxe5 Qxd2 25. Rad1 Qf2 26. Rdf1 Qh4 27.
Rxf4 Qe7 28. Re1 Be6 29. Qxc6 Rac8 30. Qe4 Rc4 31. Qe3 Rxf4 32. Qxf4 Rf8 33.
Qg3 h5 34. Be4 h4 35. Qg2 Qc7 36. Qg5 Rf2+ 37. Kg1 Qb6 38. Re3 Re2 39. Bh7+ Kh8
40. Bd3 Qxe3+ {Normal} 0-1

[Event "Rated Blitz game"]
[Site "?"]
[Date "2021.05.31"]
[Round "?"]
[White "muisback_2005"]
[Black "FourNinetySix"]
[Result "1/2-1/2"]
[WhiteElo "2348"]
[BlackElo "2468"]
[PlyCount "106"]
[EventDate "2021.??.??"]
[EventType "blitz"]

1. e4 e5 2. Nf3 d5 3. Nxe5 Bd6 4. d4 dxe4 5. Nc3 Bxe5 6. dxe5 Qxd1+ 7. Nxd1 Nc6
8. Bf4 Nge7 9. Nc3 Ng6 10. Bg3 h5 11. h4 Bf5 12. Bb5 Bd7 13. O-O-O O-O-O 14.
Nxe4 Ncxe5 15. Bxe5 Nxe5 16. Bxd7+ Rxd7 17. f3 f6 18. b3 Rhd8 19. Nc5 Rxd1+ 20.
Rxd1 Re8 21. Rd4 b6 22. Ne4 Ng6 23. g3 Re5 24. Kd2 Ne7 25. Rc4 Kd7 26. Rd4+ Rd5
27. Rxd5+ Nxd5 28. c4 Nb4 29. a3 Nc6 30. Kc3 Ne5 31. Nd2 c5 32. f4 Ng4 33. Kd3
Nh6 34. Ke4 Ke6 35. Kf3 Nf5 36. b4 cxb4 37. axb4 a5 38. bxa5 bxa5 39. Nb3 a4
40. Nc5+ Kd6 41. Nxa4 Nd4+ 42. Ke3 Nf5+ 43. Kf3 Nd4+ 44. Ke4 Ne2 45. Kf3 Nd4+
46. Kf2 Nb3 47. Ke3 f5 48. Kd3 Nc1+ 49. Ke3 Nb3 50. Nc3 Kc5 51. Nd5 Nd4 52. Ne7
Nc2+ 53. Kf2 Nd4 {Normal} 1/2-1/2

[Event "Rated Blitz game"]
[Site "?"]
[Date "2021.05.31"]
[Round "?"]
[White "dbestsmiles"]
[Black "JunoirTal"]
[Result "0-1"]
[WhiteElo "2548"]
[BlackElo "2555"]
[PlyCount "44"]
[EventDate "2021.??.??"]
[EventType "blitz"]

1. e4 e5 2. Nf3 d5 3. Nxe5 dxe4 4. Bc4 Qg5 5. d4 Qxg2 6. Bxf7+ Kd8 7. Rf1 Nf6
8. Bc4 Bg4 9. Qd2 Bh5 10. Qg5 Qxg5 11. Bxg5 Nc6 12. Nc3 Nxd4 13. Nxe4 Be7 14.
Ng3 Nxc2+ 15. Kd2 Nxa1 16. Rxa1 Be8 17. Be6 Nd7 18. Bf4 g5 19. Bxd7 gxf4 20.
Nf5 Bxd7 21. Nf7+ Ke8 22. Nxh8 Bxf5 {Normal} 0-1

[Event "Rated Blitz tournament obQMUQd2"]
[Site "?"]
[Date "2021.05.31"]
[Round "?"]
[White "ImatSuhermatMN"]
[Black "cuerosky"]
[Result "1/2-1/2"]
[WhiteElo "2410"]
[BlackElo "2267"]
[PlyCount "117"]
[EventDate "2021.??.??"]
[EventType "blitz"]

1. e4 e5 2. Nf3 d5 3. exd5 e4 4. Qe2 Nf6 5. Ng5 Be7 6. Nxe4 O-O 7. d3 Re8 8.
Nbc3 Nxd5 9. Nxd5 Qxd5 10. c4 Qd8 11. g4 Nc6 12. Be3 Bb4+ 13. Kd1 Be6 14. a3
Bf8 15. Kc2 a5 16. Rd1 a4 17. Bg2 Nd4+ 18. Bxd4 Qxd4 19. h3 b5 20. Qe3 Qd8 21.
Qg5 bxc4 22. Qxd8 Raxd8 23. dxc4 Bxc4 24. Kc3 Bb3 25. Rxd8 Rxd8 26. Re1 Be7 27.
f4 g6 28. f5 Bd5 29. Rd1 Bxe4 30. Rxd8+ Bxd8 31. Bxe4 Bf6+ 32. Kc2 gxf5 33.
Bxf5 h6 34. Bd7 Kf8 35. Bxa4 c5 36. Bb3 Ke7 37. Bc4 Be5 38. b3 f6 39. Kd3 Kd6
40. Ke4 Bb2 41. Kf5 Bxa3 42. Kxf6 Bc1 43. Kg6 Ke5 44. h4 Be3 45. g5 hxg5 46.
hxg5 Bd2 47. Kh5 Kf5 48. Bd3+ Ke6 49. g6 Kf6 50. Kg4 Kg7 51. Kf3 Bb4 52. Ke4
Ba3 53. Kd5 Bb4 54. Kc4 Ba3 55. Bc2 Bb4 56. Kd5 Ba3 57. Kc4 Bb4 58. Kd5 Ba3 59.
Kc4 {Normal} 1/2-1/2

[Event "Rated Blitz tournament obQMUQd2"]
[Site "?"]
[Date "2021.05.31"]
[Round "?"]
[White "ImatSuhermatMN"]
[Black "dr_xStranger"]
[Result "1-0"]
[WhiteElo "2398"]
[BlackElo "2465"]
[PlyCount "104"]
[EventDate "2021.??.??"]
[EventType "blitz"]

1. e4 e5 2. Nf3 d5 3. exd5 e4 4. Qe2 Nf6 5. Ng5 Qxd5 6. d3 Bb4+ 7. c3 Be7 8.
dxe4 Qd8 9. e5 Nd5 10. Ne4 O-O 11. f4 Bf5 12. g3 Re8 13. Bg2 Nc6 14. O-O f6 15.
exf6 Nxf6 16. Qc4+ Kh8 17. Ng5 Bg6 18. f5 Bh5 19. h3 h6 20. Ne6 Qd7 21. Bf4 Bf7
22. Na3 Bd6 23. Bxd6 cxd6 24. Rae1 d5 25. Qh4 Bxe6 26. fxe6 Rxe6 27. Nb5 Rxe1
28. Rxe1 Re8 29. Rf1 a6 30. Rxf6 gxf6 31. Qxh6+ Qh7 32. Qxf6+ Qg7 33. Qh4+ Qh7
34. Qf6+ Qg7 35. Qh4+ Kg8 36. Bxd5+ Kf8 37. Nd6 Re1+ 38. Kf2 Re5 39. Qf4+ Ke7
40. Nf5+ Rxf5 41. Qxf5 Ne5 42. Qe6+ Kd8 43. Qd6+ Ke8 44. g4 Qg5 45. Qb8+ Ke7
46. Qxb7+ Kd6 47. Bf3 Qd2+ 48. Kg3 Qe1+ 49. Kf4 Qd2+ 50. Kf5 Qc2+ 51. Qe4 Qh2
52. Qd4+ Ke7 {Normal} 1-0

[Event "Rated Blitz tournament obQMUQd2"]
[Site "?"]
[Date "2021.05.31"]
[Round "?"]
[White "DHARMA11"]
[Black "dr_xStranger"]
[Result "0-1"]
[WhiteElo "2257"]
[BlackElo "2505"]
[PlyCount "78"]
[EventDate "2021.??.??"]
[EventType "blitz"]

1. e4 e5 2. Nf3 d5 3. Nxe5 Bd6 4. d4 dxe4 5. Nc4 Nf6 6. Nxd6+ Qxd6 7. Nc3 O-O
8. Bg5 Nc6 9. Bxf6 Qxf6 10. Ne2 Re8 11. c3 e3 12. f3 Qh4+ 13. Ng3 Bf5 14. Be2
Bg6 15. O-O Rad8 16. Qb3 Ne7 17. Rae1 Nd5 18. Qxb7 Nf4 19. Qxc7 Qg5 20. Qc5 Rd5
21. Qc6 Rf8 22. Bc4 Ra5 23. Rxe3 h5 24. Re5 Rxe5 25. dxe5 h4 26. Rd1 hxg3 27.
hxg3 Qxg3 28. Bf1 Nh3+ 29. Kh1 Nf2+ 30. Kg1 Nxd1 31. e6 Qf2+ 32. Kh2 Qxf1 33.
e7 Rb8 34. Qc7 Re8 35. Qd8 f6 36. Qd5+ Bf7 37. Qd7 Ne3 38. Qh3 Qxg2+ 39. Qxg2
Nxg2 {Normal} 0-1

[Event "Rated Blitz game"]
[Site "?"]
[Date "2021.05.31"]
[Round "?"]
[White "Quarantinemachine"]
[Black "GoughPhar"]
[Result "1-0"]
[WhiteElo "2474"]
[BlackElo "2489"]
[PlyCount "89"]
[EventDate "2021.??.??"]
[EventType "blitz"]

1. e4 e5 2. Nf3 d5 3. Nc3 Nf6 4. Nxd5 Nxd5 5. exd5 e4 6. Nd4 Qxd5 7. Nb3 Nc6 8.
d3 Bf5 9. Bf4 O-O-O 10. Qd2 exd3 11. O-O-O dxc2 12. Qxd5 cxd1=R+ 13. Qxd1 Rxd1+
14. Kxd1 Bd6 15. Bxd6 Rd8 16. Bc4 Rxd6+ 17. Ke2 Be6 18. Bd3 Bxb3 19. axb3 Nd4+
20. Ke3 Nxb3 21. Bxh7 g6 22. h4 Na5 23. g4 Nc4+ 24. Ke4 Re6+ 25. Kf3 Nxb2 26.
h5 Nd3 27. h6 Re8 28. Rd1 Ne5+ 29. Kf4 Nc6 30. Kg5 Rh8 31. Bxg6 fxg6 32. Kxg6
a5 33. Kg7 Re8 34. h7 Ne5 35. g5 a4 36. f4 Nc4 37. h8=Q Rxh8 38. Kxh8 a3 39. g6
Ne3 40. Ra1 Nf5 41. g7 Nxg7 42. Kxg7 b5 43. f5 b4 44. f6 c5 45. f7 {Normal} 1-0

[Event "Rated Blitz game"]
[Site "?"]
[Date "2021.05.31"]
[Round "?"]
[White "ArnieChipmunk"]
[Black "anjaya01"]
[Result "1-0"]
[WhiteElo "2412"]
[BlackElo "2328"]
[PlyCount "75"]
[EventDate "2021.??.??"]
[EventType "blitz"]

1. e4 e5 2. Nf3 d5 3. exd5 Bd6 4. Nc3 f5 5. d4 e4 6. Ne5 Nf6 7. Bg5 O-O 8. Bc4
a6 9. a4 Nbd7 10. Nxd7 Bxd7 11. O-O h6 12. Bxf6 Qxf6 13. f4 Rae8 14. Qd2 Re7
15. Rae1 g5 16. g3 Rg7 17. Kh1 gxf4 18. gxf4 Rg4 19. Rg1 h5 20. Rg3 Rf7 21.
Reg1 Rfg7 22. Ne2 Qh4 23. Qe3 Bxa4 24. Rxg4 hxg4 25. Ng3 Bd7 26. Be2 Rh7 27.
Nf1 Kh8 28. c4 g3 29. Qxg3 Qxg3 30. Nxg3 Bxf4 31. Kg2 Be3 32. Rf1 f4 33. Nxe4
Bh3+ 34. Kf3 Bxf1 35. Bxf1 Rxh2 36. c5 Rxb2 37. d6 cxd6 38. cxd6 {Time forfeit}
1-0